Κατάλογος Βιβλιοθηκών Mediterranean College

The Printing Press as an Agent of Change / Communications and Cultural Transformations in Early-Modern Europe Volumew I and II (Record no. 1832)

MARC details
000 -LEADER
fixed length control field 01397cam a22002054a 4500
005 - ΗΜΕΡΟΜΗΝΙΑ ΚΑΙ ΩΡΑ ΤΕΛΕΥΤΑΙΑΣ ΕΝΗΜΕΡΩΣΗΣ
Πεδίο ελέγχου 20250605164020.0
008 - FIXED-LENGTH DATA ELEMENTS--GENERAL INFORMATION
Πεδίο ελέγχου σταθερού μήκους 250528s ||||||||||||||||||||||||d
035 ## - SYSTEM CONTROL NUMBER
System control number 16320
020 ## - ISBN
ISBN 521299551
040 ## - ΠΗΓΗ ΚΑΤΑΛΟΓΟΓΡΑΦΗΣΗΣ
Φορέας πρωτότυπης καταλογογράφησης MC Athens Campus Library
Γλώσσα καταλογογράφησης Ελληνικά, Μοντέρνα (1453-)
Modifying agency MC Athens Campus Library
Κανόνες περιγραφικής καταλογογράφησης AACR2
245 1# - ΤΙΤΛΟΣ ΚΑΙ ΔΗΛΩΣΗ ΥΠΕΥΘΥΝΟΤΗΤΑΣ
Τίτλος The Printing Press as an Agent of Change / Communications and Cultural Transformations in Early-Modern Europe Volumew I and II
250 ## - EDITION STATEMENT
Edition statement I & II
260 ## - PUBLICATION, DISTRIBUTION, ETC.
Name of publisher, distributor, etc. Cambridge University Press,
Date of publication, distribution, etc. 1979
300 ## - PHYSICAL DESCRIPTION
Extent 794
520 ## - SUMMARY, ETC.
Summary, etc. An extensive survey of the recent literature on the three intellectual and social movements of the period 1400-1700. Preface, Introduction to an Elusive Transformation, The Unacknowledged Revolution, Defining the Initial Shift; Some Features of Print Culture, Classical and Christian Traditions Reoriented; Renaissance and Reformation Reapraised, A Classical Revival Reoriented; The Two Phases of the Renaissance, The Scriptural Tradition Recast: Resetting the Stage for the Reformation, The Book of Nature Transformed, Introduction; Problems of Periodization, Technical Literature Goes to Press: Some New Trends in Scientific Writing and Research, Resetting the Stage for the Copernican Revolution, Sponsorship and Censorship of Scientific Publication, Scripture and Nature Transformed, Index.
700 1# - ΠΡΟΣΘΕΤΗ ΑΝΑΓΡΑΦΗ--ΦΥΣΙΚΟ ΠΡΟΣΩΠΟ
Personal name Eisenstein Elisabeth L
9 (RLIN) 2398
942 ## - ADDED ENTRY ELEMENTS (KOHA)
Koha item type Books
Holdings
Τύπος τεκμηρίου Βιβλιοθήκη Τρέχουσα τοποθεσία Barcode Αριθμός εισαγωγής Ημερομηνία απόκτησης Ταξιθετικό σύμβολο Αριθμός αντιτύπου Κατάσταση απόσυρσης Κατάσταση χαμένου Κατάσταση κατεστραμμένου Μη δανεισμός Σύνολο δανεισμών Ημερομηνία τελευταίας εμφάνισης Η τιμή ισχύει από
Books MC Athens Campus Library MC Athens Campus Library 9780000018311 3410 05/06/2025 686.2 EIS V.I & II 1           05/06/2025 05/06/2025

MC Athens Campus Library
Πατησίων 94 & Κοδριγκτώνος 13, 104 34
Πελλήνης 8 & Πατησίων 107, 112 51
Τ: +30 210 8899600

MC Thessaloniki Campus Library
Ίωνος Δραγούμη 21, 54625 | Ίωνος Δραγούμη 15, 54625
Τ: +30 2310 287779 – Τ: +30 2314 440300